00454nam a2200193Ia 4500001000700000003000500007008004100012010001100053020001800064040000900082082001400091100002500105245003500130260003700165300001100202440002400213503000800237650001500245Z_5538CHAP220113s2005 xx 000 0 und d a168631 a950-24-1070-X cCHAP a638.12 M4 aMendizabal, Federico aAbejas /cFederico Mendizabal aBuenos Aires :bAlbatros,c2005 a256 p. aManuales esenciales aC/E aApicultura